000 00721nam a22002177a 4500
005 20251108172525.0
008 250721s1991 xx 000 0 ara d
082 1 4 _a338.19عبد
100 1 _aعبدالسلام، محمد السيد
245 1 0 _aغذاء لسبعين مليوناً : تحدي الزراعة المصرية عام 2000م /
264 1 _aالقاهرة :
_bالهيئة المصرية العامة للكتاب،
_c1991.
300 _a375ص.
650 1 7 _aالتنمية الزراعية
650 1 7 _aالزراعة
650 1 7 _aالإقتصاد الزراعي
650 1 7 _aالأمنالغذائي
650 1 7 _aالغذاء
650 1 7 _aمصر
942 _2ddc
_cBK
999 _c81576
_d81576